00222pab a2200085 454500008003600000100002000036245003700056650002100093773002200114180718b xxu||||| |||| 00| 0 eng d aSingh, Shamsher aImplications for an urban policy aCities and Towns aFinancial Express